| 000 | 01198naa a22002777a 4500 | ||
|---|---|---|---|
| 001 | BR8204804 | ||
| 003 | BR-BrBNA | ||
| 005 | 20240918175144.0 | ||
| 007 | ta | ||
| 008 | 230509b bl.||||| |||| 00| 0 por d | ||
| 040 |
_aBR-BrBNA _bpor _cBiblioteca Nacional de Agricultura |
||
| 041 | _a(Pt) | ||
| 072 |
_aA50; R00 _b/G514 |
||
| 090 | _aA50 BR8204804 | ||
| 100 | 1 | _aMarques, N.A.C. | |
| 111 | 1 |
_a2. Encontro de Diretores e/ou Coordenadores de Cursos e Representantes de Classe de Economia Domestica _cVicosa, MG (Brazil) _d4-6 May 1982 |
|
| 245 | 1 | _aPesquisa em economia domestica - enfoque e linhas de pesquisas [Brasil] | |
| 260 | 3 |
_aBrasilia, DF (Brasil): _c1982. |
|
| 500 | _aAnais do 2. Encontro de Diretores e/ou Coordenadores de Cursos e Representantes de Classe de Economia Domestica Brasilia, DF (Brasil): 1982. p. 29-34 (BR8204804-AM)A50 | ||
| 650 | _aPESQUISA | ||
| 650 | _aECONOMIA DOMESTICA | ||
| 650 | _aPROJETO DE PESQUISA | ||
| 773 | 0 |
_tAnais do 2. Encontro de Diretores e/ou Coordenadores de Cursos e Representantes de Classe de Economia Domestica _wA50 BR8204804 _gBrasilia, DF (Brasil), 1982. p. 29-34 |
|
| 909 |
_a202404 _bLucia _c55 _dLucia Elande |
||
| 942 |
_cAM _2AGRIS |
||
| 999 |
_c315304 _d315304 |
||